000 00702nam a22002417a 4500
003 IT-MiCISF
005 20250416121432.0
008 241217b |||||||| |||| 00| 0 eng d
020 _a9788892242548
040 _cIT-MiCISF
041 _ait
100 _aMazzetti Giuseppe (et al.)
_962083
245 _aSessualità. Il diritto di piacersi e di piacere
250 _a"SuperAbile INAIL", n.11, novembre
260 _c2024
300 _app. 3+8-13
310 _amensile
500 _ahandicap, sessualità, nuovi-media, educazione, legislazione
650 _aSessualità
654 _adossier
700 _aBombace R., Tedeschi G., Migliaccio M., Castagna A.
_962084
942 _2ddc
_cCR
999 _c360282
_d360282